Online
Catalog
Normal view MARC view

Entry Nombre personal

Number of records used in: 25

001 - NÚMERO DE CONTROL

  • campo de control: 38744

003 - IDENTIFICADOR DEL NÚMERO DE CONTROL

  • campo de control: BNPHU

005 - FECHA Y HORA DE LA ÚLTIMA TRANSACCIÓN

  • campo de control: 20240305082246.0

008 - DATOS DE LONGITUD FIJA

  • campo de control de longitud fija: 200615|| aca||aabn | a|a d

040 ## - FUENTE DE LA CATALOGACIÓN

  • Centro catalogador/agencia de origen: DO-SdBNP
  • Lengua de catalogación: spa
  • Centro/agencia transcriptor: BNPHU
  • Normas de descripción: rda

100 1# - ENCABEZAMIENTO-NOMBRE DE PERSONA

  • Nombre de persona: Pérez Memén, Fernando,
  • Fechas asociadas al nombre: 1943-

370 ## - LUGAR ASOCIADO

  • Lugar de nacimiento: San Pedro de Macorís (República Dominicana)

375 ## - GÉNERO/SEXO

  • Género/Sexo: Masculino

377 ## - LENGUA/LENGUAJE ASOCIADO

  • Código del idioma: spa

400 1# - TRAZADO DE VÉASE--NOMBRE DE PERSONA

  • Nombre de persona: Memén, Fernando Pérez,
  • Fechas asociadas al nombre: 1943-

670 ## - FUENTE DE DATOS ENCONTRADOS

  • Cita de la fuente: Work cat.: (OSt)17366: Pérez Memén, Fernando, 1943-, El pensamiento democrático de Duarte y otros temas de historia dominicana y de Haití /, 2005.

670 ## - FUENTE DE DATOS ENCONTRADOS

  • Cita de la fuente: La Iglesia y el estado ... 1853, 1984:

Powered by Koha